HCHS/HCMS Short Stories by Author 1 Quiz Stats

 Plays Quiz not verified by Sporcle

Score 0/27 Timer 10:00
0 Plays Today
Short Story Author % Correct
The Tell-Tale HeartEdgar Allen Poe
100%
Black CatEdgar Allen Poe
75%
A Rose for EmilyWilliam Faulkner
75%
The Luck of Roaring CampBret Harte
75%
The Open BoatStephen Crane
75%
The Diamond as Big as RitzF. Scott Fitzgerald
75%
The Ransom of Red ChiefO. Henry
75%
Pit and the PendulumEdgar Allen Poe
75%
The Rocking-Horse WinnerD. H. Lawrence
75%
Why I Live at the POEudora Welty
75%
A Worn Path Eudora Welty
75%
The PearlJohn Steinbeck
75%
The Fall of the House of UsherEdgar Allen Poe
75%
An Occurrence at Owl Creek BridgeAmbrose Beirce
75%
Short Story Author % Correct
The Golden Kite, The Silver WindRay Bradbury
75%
The LotteryShirley Jackson
75%
The Cask of the AmontilladoEdgar Allen Poe
75%
Young Goodman BrownNathaniel Hawthorne
75%
A Good Man Is Hard to FindFlannery O'Connor
75%
To Build a FireJack London
75%
Rappaccini's DaughterNathaniel Hawthorne
75%
By the Waters of BabylonStephen Vincent Benét
50%
The BetAnton Chekhov
50%
The Most Dangerous GameRichard Connell
50%
A Clean, Well-Lighted PlaceErnest Hemingway
50%
The Jilting of Granny WeatherallKatherine Anne Porter
25%
Harrison BergeronKurt Vonnegut
25%

You're not logged in!

Compare scores with friends on all Sporcle quizzes.
OR
Log In

Sporcle TV

Today on Sporcle TV


Watch our educational content, quiz creation guides, and fun videos on Sporcle TV.

Show Comments

Extras

Created Sep 28, 2019ReportNominate
Tags:Author Quiz, short, story

Top Quizzes Today


Score Distribution

Your Account Isn't Verified!

In order to create a playlist on Sporcle, you need to verify the email address you used during registration. Go to your Sporcle Settings to finish the process.

Report this User

Report this user for behavior that violates our Community Guidelines.

Details: